| 000 | 00869nam a2200205 i 4500 | ||
|---|---|---|---|
| 001 | 23456 | ||
| 003 | ES-MaACL | ||
| 005 | 20260127062523.0 | ||
| 007 | t| | ||
| 008 | 021210s1884 sp ||||1| spa d | ||
| 100 | 1 |
_aAllende Salazar, Angel. _920014 |
|
| 245 | 1 | 0 |
_aMemoria leída en la Real Academia de Jurisprudencia y Legislación en la sesión inaugural del curso 1884 a 1885 / _cpor Angel Allende Salazar y Muñoz de Salazar, secretario general de la misma. |
| 260 |
_aMadrid : _b[s.n.], _c1884 ( _fImp. Ministerio de Gracia y Justicia) |
||
| 300 |
_a71 p. ; _c23 cm. |
||
| 610 | 2 |
_aReal Academia de Jurisprudencia y Legislación de España- _vMemorias. _9150092 |
|
| 700 |
_aReal Academia de Jurisprudencia y Legislación de España _9217612 |
||
| 852 |
_aES-MaACL _jL-4909(16-4) _z.- Donativo Roda |
||
| 852 |
_aES-MaACL _jT-380-F-5 |
||
| 999 |
_c23456 _d23456 |
||